Medzinárodné štandardy IFRS - I praktikum

Enregistré dans:
Détails bibliographiques
Auteur principal: Tumpach, Miloš, 1970-
Collectivité auteur: Ekonomická univerzita v Bratislave. Fakulta hospodárskej informatiky
Autres auteurs: Užík, Ján, 1969-, Kubaščíková, Zuzana, 1982-
Format: Livre
Langue:slovaque
Publié: Bratislava Vydavateľstvo EKONÓM 2014
Édition:1. vyd.
Sujets:
Tags: Ajouter un tag
Pas de tags, Soyez le premier à ajouter un tag!

MARC

LEADER 00000nam a2200000 4500
001 0186634
005 20240502073204.4
020 |a 978-80-225-3882-4 
041 0 |a slo 
044 |a SK 
245 1 0 |a Medzinárodné štandardy IFRS - I  |b praktikum  |c Miloš Tumpach ; recenzenti Ján Užík, Zuzana Kubaščíková 
250 |a 1. vyd. 
264 1 |a Bratislava  |b Vydavateľstvo EKONÓM  |c 2014 
300 |a 60 s. [3,59 AH] 
610 2 0 |a účtovníctvo 
610 2 0 |a štandardy účtovné medzinárodné 
610 2 0 |a závierka účtovná 
610 2 0 |a IFRS 
610 2 0 |a IAS 
100 1 |a Tumpach, Miloš, 1970- 
700 1 |a Užík, Ján, 1969- 
700 1 |a Kubaščíková, Zuzana, 1982- 
710 2 |a Ekonomická univerzita v Bratislave. Fakulta hospodárskej informatiky